<?xml version="1.0" encoding="UTF-8"?>
<record
    xmlns:xsi="http://www.w3.org/2001/XMLSchema-instance"
    xsi:schemaLocation="http://www.loc.gov/MARC21/slim http://www.loc.gov/standards/marcxml/schema/MARC21slim.xsd"
    xmlns="http://www.loc.gov/MARC21/slim">

  <leader>00865nam a22001337a 4500</leader>
  <datafield tag="040" ind1=" " ind2=" ">
    <subfield code="c">RUA</subfield>
  </datafield>
  <datafield tag="082" ind1=" " ind2=" ">
    <subfield code="a">RUB KOU 2017 B643 Or.1</subfield>
  </datafield>
  <datafield tag="100" ind1=" " ind2=" ">
    <subfield code="a">KOUK BOREY &#x1782;&#x1784;&#x17CB; &#x1794;&#x17BC;&#x179A;&#x17B8;</subfield>
  </datafield>
  <datafield tag="245" ind1=" " ind2=" ">
    <subfield code="a">study on standing wood volume and mean annual increment of clones GT1, RRIM600, RRIV4 and PB260 at long sreng international co,LTD ( boeung ket plantation ) &#x179F;&#x17B7;&#x1780;&#x17D2;&#x179F;&#x17B6;&#x1798;&#x17B6;&#x178C;&#x1788;&#x17BE;&#x1788;&#x179A; &#x1793;&#x17B7;&#x1784;&#x200B;&#x1780;&#x1798;&#x17D2;&#x179A;&#x17B7;&#x178F;&#x179B;&#x17BC;&#x178F;&#x179B;&#x17B6;&#x179F;&#x17CB;&#x1794;&#x17D2;&#x179A;&#x1785;&#x17B6;&#x17C6;&#x1786;&#x17D2;&#x1793;&#x17B6;&#x17C6;&#x179A;&#x1794;&#x179F;&#x17CB;&#x1780;&#x17C5;&#x179F;&#x17CA;&#x17BC; GT1, RRIM600, RRIV4, Pb260 &#x1793;&#x17C5;&#x1780;&#x17D2;&#x179A;&#x17BB;&#x1798;&#x17A0;&#x17CA;&#x17BB;&#x1793; &#x17A1;&#x17BB;&#x1784; &#x179F;&#x17D2;&#x179A;&#x17C1;&#x1784; &#x17A2;&#x17BB;&#x17B7;&#x1793;&#x1792;&#x17D0;&#x179A;&#x178E;&#x17C1;&#x178F;&#x179F;&#x17BB;&#x17B7;&#x178E;&#x179B; ( &#x1785;&#x1798;&#x17D2;&#x1780;&#x17B6;&#x1780;&#x17C5;&#x179F;&#x17CA;&#x17BC;&#x1794;&#x17B9;&#x1784;&#x1780;&#x17C1;&#x178F;)</subfield>
  </datafield>
  <datafield tag="260" ind1=" " ind2=" ">
    <subfield code="a">RUA</subfield>
    <subfield code="b">phnom penh</subfield>
    <subfield code="c">2017</subfield>
  </datafield>
  <datafield tag="300" ind1=" " ind2=" ">
    <subfield code="a">x;32p</subfield>
    <subfield code="b">ill;</subfield>
    <subfield code="c">29cm</subfield>
  </datafield>
  <datafield tag="856" ind1=" " ind2=" ">
    <subfield code="u">https://drive.google.com/file/d/1D0UVeih97lPg0OSv96l0tExYHRqmP9eE/view?usp=sharing</subfield>
  </datafield>
  <datafield tag="942" ind1=" " ind2=" ">
    <subfield code="c">RUB</subfield>
  </datafield>
  <datafield tag="999" ind1=" " ind2=" ">
    <subfield code="c">18112</subfield>
    <subfield code="d">18112</subfield>
  </datafield>
  <datafield tag="952" ind1=" " ind2=" ">
    <subfield code="0">0</subfield>
    <subfield code="1">0</subfield>
    <subfield code="2">ddc</subfield>
    <subfield code="4">0</subfield>
    <subfield code="6">RUB_KOU_2017_000000000000000_B643_OR_1</subfield>
    <subfield code="7">0</subfield>
    <subfield code="9">80735</subfield>
    <subfield code="a">LBB</subfield>
    <subfield code="b">LBB</subfield>
    <subfield code="c">B643</subfield>
    <subfield code="d">2019-07-30</subfield>
    <subfield code="l">2</subfield>
    <subfield code="o">RUB KOU 2017 B643 Or.1</subfield>
    <subfield code="p">A39828</subfield>
    <subfield code="r">2022-03-02</subfield>
    <subfield code="s">2022-02-15</subfield>
    <subfield code="w">2019-07-30</subfield>
    <subfield code="y">RUB</subfield>
  </datafield>
  <datafield tag="952" ind1=" " ind2=" ">
    <subfield code="0">0</subfield>
    <subfield code="1">0</subfield>
    <subfield code="2">ddc</subfield>
    <subfield code="4">0</subfield>
    <subfield code="6">RUB_KOU_2017_000000000000000_B643_OR_2</subfield>
    <subfield code="7">0</subfield>
    <subfield code="9">80736</subfield>
    <subfield code="a">LBB</subfield>
    <subfield code="b">LBB</subfield>
    <subfield code="c">B643</subfield>
    <subfield code="d">2019-07-30</subfield>
    <subfield code="o">RUB KOU 2017 B643 Or.2</subfield>
    <subfield code="p">A39903</subfield>
    <subfield code="r">2019-07-30</subfield>
    <subfield code="w">2019-07-30</subfield>
    <subfield code="y">RUB</subfield>
  </datafield>
  <datafield tag="952" ind1=" " ind2=" ">
    <subfield code="0">0</subfield>
    <subfield code="1">0</subfield>
    <subfield code="2">ddc</subfield>
    <subfield code="4">0</subfield>
    <subfield code="6">RUB_KOU_2017_000000000000000_B643_OR_3</subfield>
    <subfield code="7">0</subfield>
    <subfield code="9">80737</subfield>
    <subfield code="a">LBB</subfield>
    <subfield code="b">LBB</subfield>
    <subfield code="c">B643</subfield>
    <subfield code="d">2019-07-30</subfield>
    <subfield code="o">RUB KOU 2017 B643 Or.3</subfield>
    <subfield code="p">A41015</subfield>
    <subfield code="r">2019-07-30</subfield>
    <subfield code="w">2019-07-30</subfield>
    <subfield code="y">RUB</subfield>
  </datafield>
  <datafield tag="952" ind1=" " ind2=" ">
    <subfield code="0">0</subfield>
    <subfield code="1">0</subfield>
    <subfield code="2">ddc</subfield>
    <subfield code="4">0</subfield>
    <subfield code="6">RUB_KOU_2017_000000000000000_B643_OR_4</subfield>
    <subfield code="7">0</subfield>
    <subfield code="9">80738</subfield>
    <subfield code="a">LBB</subfield>
    <subfield code="b">LBB</subfield>
    <subfield code="c">B643</subfield>
    <subfield code="d">2019-07-30</subfield>
    <subfield code="o">RUB KOU 2017 B643 Or.4</subfield>
    <subfield code="p">A40796</subfield>
    <subfield code="r">2019-07-30</subfield>
    <subfield code="w">2019-07-30</subfield>
    <subfield code="y">RUB</subfield>
  </datafield>
  <datafield tag="952" ind1=" " ind2=" ">
    <subfield code="0">0</subfield>
    <subfield code="1">0</subfield>
    <subfield code="2">ddc</subfield>
    <subfield code="4">0</subfield>
    <subfield code="6">RUB_KOU_2017_000000000000000_B643_OR_5</subfield>
    <subfield code="7">0</subfield>
    <subfield code="9">80739</subfield>
    <subfield code="a">LBB</subfield>
    <subfield code="b">LBB</subfield>
    <subfield code="c">B643</subfield>
    <subfield code="d">2019-07-30</subfield>
    <subfield code="o">RUB KOU 2017 B643 Or.5</subfield>
    <subfield code="p">A40166</subfield>
    <subfield code="r">2019-07-30</subfield>
    <subfield code="w">2019-07-30</subfield>
    <subfield code="y">RUB</subfield>
  </datafield>
  <datafield tag="952" ind1=" " ind2=" ">
    <subfield code="0">0</subfield>
    <subfield code="1">0</subfield>
    <subfield code="2">ddc</subfield>
    <subfield code="4">0</subfield>
    <subfield code="6">RUB_KOU_2017_000000000000000_B643_OR_6</subfield>
    <subfield code="7">0</subfield>
    <subfield code="9">80740</subfield>
    <subfield code="a">LBB</subfield>
    <subfield code="b">LBB</subfield>
    <subfield code="c">B643</subfield>
    <subfield code="d">2019-07-30</subfield>
    <subfield code="o">RUB KOU 2017 B643 Or.6</subfield>
    <subfield code="p">A39845</subfield>
    <subfield code="r">2019-07-30</subfield>
    <subfield code="w">2019-07-30</subfield>
    <subfield code="y">RUB</subfield>
  </datafield>
</record>
